000 00602nam a2200253Ia 4500
003 OSt
005 20220912144932.0
006 a|||||r|||| 00| 0
007 ta
008 220909b |||||||| |||| 00| 0 eng d
024 _a70602
037 _cTextual
040 _aCSL
_beng
_cCSL
041 _aeng
082 _aG, H93
100 _aDe Laubenfels M W
245 0 _aLife science
250 _a4
260 _aNew York
_bPrentice Hall
_c1949
300 _av, 407p.
_ccm.
650 _aBiology
942 _hG, H93
_cTEXL
_2CC
999 _c19429
_d19429